LEADER 02454nam 2200385 450 001 9910823003403321 005 20220318050027.0 010 $a1-78450-972-8 035 $a(CKB)4100000009347069 035 $a(MiAaPQ)EBC5897331 035 $a(EXLCZ)994100000009347069 100 $a20191024d2020 uy 0 101 0 $aeng 135 $aurcnu|||||||| 181 $ctxt$2rdacontent 182 $cc$2rdamedia 183 $acr$2rdacarrier 200 10$aArt therapy with adults with autism spectrum disorder /$fBeth Gonzalez-Dolginko 210 1$aLondon, England ;$aPhiladelphia, Pennsylvania :$cJessica Kingsley Publishers,$d[2020] 210 4$dİ2020 215 $a1 online resource (130 pages) 311 $a1-78592-831-7 327 $aPart I -- Adults with Autism Spectrum Disorder; Introduction; Art Therapy Approaches and Treatment Interventions with Adults with ASD; Developmental Considerations and Implications for Treatment; Neurological Considerations and Implications for Treatment; Cultural Competence; Part II -- Clinical Group Art Therapy Practice with Adults with ASD; Introduction; Treating Adults with ASD Who Live in the Community; Treating Adults with ASD with Psychiatric Comorbidities on In-Patient Behavioral Health Units-- Treating Adults with ASD Who Resided in Institutional SettingsConcluding Remarks; References; Index; Blank Page 330 $aThere is a distinct lack of art therapy literature on working with adults with autism spectrum disorders, and this book combats this dearth by looking at the theory and practice of working with this client group. With clinical case examples throughout, it provides ideas for practice and interventions for use in institutional and community settings. There is a useful focus on directives to help with specific concerns, for example college and job readiness, social skills, and adapting to independent living. The book also includes information on ASD itself and gives advice on developmental and neurological considerations to take into account when working with this client group. 606 $aAutistic people$xRehabilitation 615 0$aAutistic people$xRehabilitation. 676 $a616.898203 700 $aGonzalez-Dolginko$b Beth$01679454 801 0$bMiAaPQ 801 1$bMiAaPQ 801 2$bMiAaPQ 906 $aBOOK 912 $a9910823003403321 996 $aArt therapy with adults with autism spectrum disorder$94047694 997 $aUNINA LEADER 02171oas 2200949 a 450 001 9910144354603321 005 20250922213015.0 011 $a2330-9687 035 $a(OCoLC)228148667 035 $a(CONSER) 2008247640 035 $a(CKB)991042729541854 035 $a(EXLCZ)99991042729541854 100 $a20080516b19121927 uy a 101 0 $aeng 135 $aur||||||||||| 181 $ctxt$2rdacontent 182 $cc$2rdamedia 183 $acr$2rdacarrier 200 10$aAmerican journal of public health 210 $aNew York City $cAmerican Public Health Association 311 08$a0271-4353 517 1 $aAJPH 606 $aPublic health$vPeriodicals 606 $aPublic health 606 $aPublic Health 606 $aSante? publique$vPe?riodiques 606 $aSante? publique 606 $apublic health$2aat 606 $aPublic health$2fast$3(OCoLC)fst01082238 608 $aPeriodical. 608 $aPeriodicals.$2fast 615 0$aPublic health 615 0$aPublic health. 615 2$aPublic Health. 615 6$aSante? publique 615 6$aSante? publique. 615 7$apublic health. 615 7$aPublic health. 676 $a363 712 02$aAmerican Public Health Association 801 0$bSBH 801 1$bSBH 801 2$bSBH 801 2$bCUD 801 2$bOCLCS 801 2$bTJC 801 2$bHEBIS 801 2$bOCLCQ 801 2$bDLC 801 2$bOCLCF 801 2$bOCLCO 801 2$bDLC 801 2$bOCLCQ 801 2$bOCLCO 801 2$bOCLCQ 801 2$bUAB 801 2$bOCLCO 801 2$bOCLCA 801 2$bBUF 801 2$bWYU 801 2$bVT2 801 2$bOCLCO 801 2$bOCLCQ 801 2$bCRL 801 2$bKIJ 801 2$bBWN 801 2$bCRL 801 2$bOCLCE 801 2$bAPAHS 801 2$bADU 801 2$bS2H 801 2$bZCU 801 2$bLIP 801 2$bXFH 801 2$bINARC 801 2$bAU@ 801 2$bW2U 801 2$bOCLCL 906 $aJOURNAL 912 $a9910144354603321 996 $aAmerican journal of public health$9802066 997 $aUNINA